Lập mô hình tài chính
محفوظ في:
| المؤلف الرئيسي: | |
|---|---|
| مؤلفون آخرون: | |
| التنسيق: | كتاب |
| اللغة: | Vietnamese |
| منشور في: |
Tài chính
2013
|
| الوسوم: |
إضافة وسم
لا توجد وسوم, كن أول من يضع وسما على هذه التسجيلة!
|
| Thư viện lưu trữ: | Mạng thư viện Đại học Đà Nẵng |
|---|
| LEADER | 00682nam a2200253 4500 | ||
|---|---|---|---|
| 001 | 000020326 | ||
| 003 | 16771 | ||
| 005 | 20150316100347.0 | ||
| 008 | 150316s2013 viesd | ||
| 041 | 0 | |a vie |h 168000 | |
| 082 | 1 | 4 | |a 332.0285 |b ĐÔ-T |
| 100 | 1 | |a Đỗ Thiên Anh Tuấn | |
| 245 | 1 | 0 | |a Lập mô hình tài chính |c Đỗ Thiên Anh Tuấn, Nguyễn Thị Thu Hà. |
| 260 | |b Tài chính |c 2013 | ||
| 300 | |a tr. |c cm. | ||
| 700 | 1 | |a Nguyễn Thị Thu Hà. | |
| OWN | |a LSP | ||
| 999 | |a From the UDN01 | ||
| TYP | |a Monograph | ||
| TYP | |a Printed language | ||
| 980 | |a Mạng thư viện Đại học Đà Nẵng | ||